[Event "Let's Play Chess!"]
[Site "http://www.queenalice.com/game.php?id=1782478"]
[Date "2022.2.9"]
[Round "-"]
[White "metalpawn"]
[Black "Charles56"]
[Result "0-1"]
[WhiteElo "1881"]
[BlackElo "1658"]

1. Nf3 d5 2. g3 Nf6 3. d3 Nc6 4. c3 Bg4 5. Bg2 h6 6. O-O Qd7 7. Nbd2 e5 8. e4 d4
9. Qc2 Be7 10. Nc4 g5 11. Ncxe5 Nxe5 12. Nxe5 Qe6 13. Nxg4 Qxg4 14. cxd4 Nd7 15.
Qxc7 Rb8 16. Be3 O-O 17. Qc2 h5 18. h3 Qe6 19. Qd2 f6 20. f4 gxf4 21. Bxf4 Bd6
22. Bxd6 Qxd6 23. Qe3 Rf7 24. Rac1 Nb6 25. b3 Re8 26. Qf2 Ref8 27. Rc5 Rg7 28.
e5 fxe5 29. dxe5 Rxf2 30. exd6 Rxf1+ 31. Kxf1 Rxg3 32. Rxh5 Rxd3 33. Ke2 Rxd6
34. Bxb7 Nd7 35. Rg5+ Kf7 0-1

[Event "Let's Play Chess!"]
[Site "http://www.queenalice.com/game.php?id=1782479"]
[Date "2022.2.9"]
[Round "-"]
[White "Charles56"]
[Black "metalpawn"]
[Result "0-1"]
[WhiteElo "1592"]
[BlackElo "1941"]

1. d4 Nf6 2. Nc3 e6 3. Nf3 d5 4. Bg5 Be7 5. Bxf6 Bxf6 6. e3 O-O 7. Bb5 c6 8. Ba4
a5 9. a3 Nd7 10. Qe2 Re8 11. h4 e5 12. dxe5 Nxe5 13. Nxe5 Rxe5 14. f4 Bxh4+ 15.
Kd2 Re8 16. Qh5 d4 17. Bb3 dxc3+ 18. Kc1 Qd2+ 19. Kb1 Be6 20. Qxh4 Bxb3 21.
Qxh7+ Kf8 22. a4 g6 23. Rc1 Rxe3 24. Qh8+ Ke7 25. Qxa8 Qxc1+ 0-1

[Event "Let's Play Chess!"]
[Site "http://www.queenalice.com/game.php?id=1782482"]
[Date "2022.2.9"]
[Round "-"]
[White "metalpawn"]
[Black "Charles56"]
[Result "1-0"]
[WhiteElo "1792"]
[BlackElo "1567"]

1. Nc3 e5 2. Nf3 d6 3. d4 exd4 4. Nxd4 h6 5. e4 Nf6 6. Bd3 Bd7 7. O-O Nc6 8. Be3
Nxd4 9. Bxd4 c6 10. Re1 Be6 11. f3 Be7 12. e5 Nd5 13. exd6 Bxd6 14. Bxg7 Rg8 15.
Nxd5 cxd5 16. Be5 Bxe5 17. Rxe5 Qb6+ 18. Kf1 Qxb2 19. Rb1 Qxe5 20. g3 Bh3+ 21.
Kf2 Qd4+ 22. Ke2 b6 23. Bb5+ Ke7 24. Qxd4 1-0

[Event "AUTO-OPEN-4349"]
[Site "http://www.queenalice.com/game.php?id=1782681"]
[Date "2022.2.12"]
[Round "1"]
[White "metalpawn"]
[Black "pomar"]
[Result "0-1"]
[WhiteElo "1813"]
[BlackElo "2086"]

1. e4 e6 2. d4 d5 3. e5 c5 4. Qg4 cxd4 5. Nf3 Nc6 6. Bd3 Nge7 7. O-O Ng6 8. Re1
Qc7 9. Qg3 Bd7 10. h4 h5 11. Bxg6 fxg6 12. Qxg6+ Kd8 13. Ng5 Kc8 14. Nxe6 Qa5
15. c3 dxc3 16. Nxc3 d4 17. Bg5 dxc3 18. bxc3 Qxc3 19. Rac1 Qa5 20. Qf7 Qxa2 21.
Red1 Qxe6 22. Qxe6 Bxe6 23. Rd8+ Kc7 24. Rxa8 Rg8 25. Rxa7 Kb8 26. Ra4 g6 27.
Rca1 Nxe5 28. Ra8+ Kc7 29. Rc1+ Nc6 30. Ra4 Bd6 31. Re4 Bf5 32. Rd4 Re8 33. Kf1
Re6 34. f3 Kd7 35. Rdd1 b5 36. Bf4 Kc7 37. Bxd6+ Rxd6 38. Re1 Kb6 39. Re8 b4 0-1

[Event "AUTO-OPEN-4349"]
[Site "http://www.queenalice.com/game.php?id=1782682"]
[Date "2022.2.12"]
[Round "1"]
[White "pomar"]
[Black "metalpawn"]
[Result "1-0"]
[WhiteElo "2080"]
[BlackElo "1821"]

1. f3 e5 2. Kf2 d5 3. e3 a6 4. g3 Nf6 5. c4 Be6 6. cxd5 Bxd5 7. Nc3 Be6 8. Bh3
Qd7 9. Bxe6 Qxe6 10. Kg2 Bc5 11. Nge2 Nc6 12. d4 exd4 13. Nxd4 Qe7 14. Nxc6 bxc6
15. Re1 O-O 16. e4 Rad8 17. Qa4 Bb4 18. Re2 Bxc3 19. bxc3 Nd5 20. Bb2 h5 21.
Qxc6 Ne3+ 22. Rxe3 Rd2+ 23. Kh1 Rxb2 24. Qxa6 Rd8 25. Re2 Rdd2 26. Rxd2 Rxd2 27.
a4 Qc5 28. Qc8+ Kh7 29. Qf5+ Qxf5 30. exf5 Rd3 31. a5 Rd8 32. a6 Ra8 33. Kg2 g5
34. fxg6+ fxg6 35. f4 Kg7 36. Kf3 Kf6 37. Ke4 Ke6 38. h3 c6 39. Kd4 1-0

[Event "AUTO-OPEN-4349"]
[Site "http://www.queenalice.com/game.php?id=1782683"]
[Date "2022.2.12"]
[Round "1"]
[White "metalpawn"]
[Black "Akopian"]
[Result "0-1"]
[WhiteElo "1948"]
[BlackElo "2130"]

1. Nf3 Nc6 2. c3 e5 3. d3 d5 4. g3 Nf6 5. Bg2 Bd6 6. Bg5 O-O 7. O-O h6 8. Bxf6
Qxf6 9. Nbd2 Be6 10. e4 d4 11. Qc2 a5 12. a4 Bg4 13. cxd4 exd4 14. Nh4 Nb4 15.
Qb1 Be2 16. Re1 Bxd3 17. Qd1 Nc2 18. Nb3 Nxe1 19. Qxe1 Bb4 20. Qd1 Ba6 21. Rc1
d3 22. Nc5 Bxc5 23. Rxc5 Qxb2 24. Nf5 Qe2 25. Qa1 f6 26. Ne7+ Kh7 27. Bf1 Qxe4
28. Nd5 d2 29. Ne3 Bxf1 0-1

[Event "AUTO-OPEN-4349"]
[Site "http://www.queenalice.com/game.php?id=1782684"]
[Date "2022.2.12"]
[Round "1"]
[White "Akopian"]
[Black "metalpawn"]
[Result "1-0"]
[WhiteElo "2099"]
[BlackElo "1822"]

1. e4 d6 2. d4 Nf6 3. Nc3 e5 4. dxe5 dxe5 5. Qxd8+ Kxd8 6. Bg5 c6 7. O-O-O+ Ke8
8. Nce2 Be7 9. Ng3 h6 10. Bxf6 Bxf6 11. Bc4 Ke7 12. Nf3 Be6 13. Bxe6 Kxe6 14.
Nf5 Rd8 15. Nxg7+ Ke7 16. Nf5+ Kf8 17. Nxh6 Na6 18. Ng4 Bg7 19. Ngxe5 1-0

[Event "AUTO-OPEN-4349"]
[Site "http://www.queenalice.com/game.php?id=1782685"]
[Date "2022.2.12"]
[Round "1"]
[White "metalpawn"]
[Black "krystian478"]
[Result "0-1"]
[WhiteElo "1736"]
[BlackElo "2187"]

1. e4 c5 2. Nf3 Nc6 3. Bb5 Qc7 4. O-O e6 5. Bxc6 bxc6 6. b3 d6 7. Bb2 e5 8. c3
Nf6 9. Re1 Be7 10. d4 O-O 11. dxe5 dxe5 12. c4 Bg4 13. Qd3 Bxf3 14. Qxf3 Rad8
15. Nc3 Rd2 16. Bc1 Rd7 17. Be3 Rd3 18. Rac1 Rfd8 19. Red1 Qa5 20. Na4 Rxd1+ 21.
Rxd1 g6 22. Bg5 Rxd1+ 23. Qxd1 Kg7 24. Bxf6+ Bxf6 25. g3 Be7 26. Qd7 Qe1+ 27.
Kg2 Qxe4+ 28. Kg1 Bf8 29. Qxa7 Qb1+ 30. Kg2 Qxa2 0-1

[Event "AUTO-OPEN-4349"]
[Site "http://www.queenalice.com/game.php?id=1782686"]
[Date "2022.2.12"]
[Round "1"]
[White "krystian478"]
[Black "metalpawn"]
[Result "1-0"]
[WhiteElo "2188"]
[BlackElo "1688"]

1. c4 Nf6 2. Nc3 e6 3. Nf3 Be7 4. e4 c5 5. d3 Nc6 6. Bd2 O-O 7. Be2 h6 8. a3 Nd4
9. e5 Nxe2 10. Qxe2 d5 11. O-O Nh7 12. cxd5 exd5 13. b4 cxb4 14. axb4 Bxb4 15.
Rab1 Qa5 16. Nxd5 Bxd2 17. Ne7+ Kh8 18. Nxd2 Qc7 19. Nxc8 Raxc8 20. d4 Qc3 21.
Nf3 Rfe8 22. Rxb7 Rc7 23. Rxc7 Qxc7 24. h4 Nf8 25. d5 a5 26. Re1 Ng6 27. d6 Qd7
28. Qe4 a4 29. Ra1 Ra8 30. Qxa8+ Kh7 31. Rxa4 1-0

[Event "AUTO-OPEN-4350"]
[Site "http://www.queenalice.com/game.php?id=1782926"]
[Date "2022.2.16"]
[Round "1"]
[White "pastor"]
[Black "metalpawn"]
[Result "1-0"]
[WhiteElo "1854"]
[BlackElo "1806"]

1. e4 d6 2. Nf3 Nf6 3. Nc3 e5 4. d3 h6 5. Be2 Nc6 6. O-O Be6 7. Re1 Be7 8. Nh4
Nxe4 9. Nxe4 Bxh4 10. Be3 O-O 11. a3 d5 12. Nc5 Bc8 13. g3 Bg5 14. Bxg5 Qxg5 15.
c3 b6 16. Nb3 Bh3 17. Bf3 e4 18. dxe4 Ne5 19. Bg2 Bxg2 20. Kxg2 dxe4 21. Rxe4
Ng6 22. h4 Qf6 23. Qd7 c5 24. Rae1 Rfd8 25. Qg4 Nf8 26. Qh5 Qg6 27. Qe5 Ne6 28.
g4 Rd7 29. Qg3 1-0

[Event "AUTO-OPEN-4350"]
[Site "http://www.queenalice.com/game.php?id=1782927"]
[Date "2022.2.16"]
[Round "1"]
[White "metalpawn"]
[Black "pastor"]
[Result "0-1"]
[WhiteElo "1788"]
[BlackElo "1868"]

1. e4 e5 2. Nf3 Nc6 3. Bb5 d6 4. d4 Bd7 5. Nc3 Nf6 6. Bxc6 Bxc6 7. Qd3 Be7 8.
Bg5 O-O 9. d5 Bd7 10. Ne2 Bg4 11. Bxf6 Bxf6 12. O-O-O Bxf3 13. Qxf3 c6 14. c4
Bg5+ 15. Kb1 Qd7 16. h4 Bh6 17. g4 f6 18. Qg3 g6 19. g5 Bg7 20. h5 Kf7 21. hxg6+
hxg6 22. Rh7 cxd5 23. exd5 Qf5+ 24. Ka1 Qxg5 25. Qxg5 fxg5 26. Rdh1 Rh8 27. Rxh8
Rxh8 28. Rxh8 Bxh8 0-1

[Event "AUTO-OPEN-4350"]
[Site "http://www.queenalice.com/game.php?id=1782946"]
[Date "2022.2.16"]
[Round "1"]
[White "clovis"]
[Black "metalpawn"]
[Result "0-1"]
[WhiteElo "2111"]
[BlackElo "1827"]

1. e4 e5 2. f4 exf4 3. Nf3 Be7 4. Bc4 Bh4+ 5. Kf1 d5 6. Bxd5 Nf6 7. Bxf7+ Kxf7
8. Nxh4 Nxe4 9. Qh5+ Kg8 10. d3 Nf6 11. Qf3 Nc6 12. Bxf4 Bg4 13. Qg3 Nd4 14. Be5
Ne2 15. Qe3 Nd5 16. Nf3 Nxe3+ 17. Kxe2 Nxc2 0-1

[Event "AUTO-OPEN-4350"]
[Site "http://www.queenalice.com/game.php?id=1782947"]
[Date "2022.2.16"]
[Round "1"]
[White "metalpawn"]
[Black "clovis"]
[Result "0-1"]
[WhiteElo "1947"]
[BlackElo "2136"]

1. d4 d5 2. c4 e5 3. dxe5 d4 4. Nf3 Nc6 5. Nbd2 Nge7 6. Nb3 Ng6 7. Nbxd4 Ngxe5
8. e3 Bc5 9. Qa4 O-O 10. Nxc6 Nxc6 11. Be2 Bd7 12. Qb3 Bg4 13. Qxb7 Bxf3 14.
Bxf3 Bb4+ 15. Kf1 Qd3+ 16. Be2 Qd6 17. Bf3 Ne5 18. Qd5 Nxf3 19. Qxf3 Rad8 20. g3
Qd1+ 21. Qxd1 Rxd1+ 22. Kg2 Rfd8 23. a3 Rxh1 24. axb4 Rdd1 25. Rxa7 h6 0-1

[Event "AUTO-OPEN-4350"]
[Site "http://www.queenalice.com/game.php?id=1782956"]
[Date "2022.2.16"]
[Round "1"]
[White "Wenderson"]
[Black "metalpawn"]
[Result "1-0"]
[WhiteElo "1954"]
[BlackElo "1839"]

1. e4 e5 2. Nf3 d6 3. Bb5+ Bd7 4. Bxd7+ Qxd7 5. Nc3 Nf6 6. d3 Be7 7. O-O Nc6 8.
Bg5 h6 9. Bh4 O-O 10. h3 Rad8 11. a3 a6 12. Nd5 Nxd5 13. exd5 Na7 14. Bxe7 Qxe7
15. c4 c6 16. dxc6 bxc6 17. Re1 Qf6 18. Qe2 Rfe8 19. b4 c5 20. Qe4 Qe7 21. bxc5
dxc5 22. Rad1 Nc8 23. Qxe5 Qxe5 24. Rxe5 Rxe5 25. Nxe5 Ne7 26. Nf3 Nf5 27. Rb1
Rd6 28. Rd1 f6 29. Kf1 Nd4 30. Nxd4 Rxd4 31. Ke2 Kf7 32. Rb1 Rd6 33. Rb7+ Kg6
34. g4 Re6+ 35. Kf3 Rc6 36. Kf4 1-0

[Event "AUTO-OPEN-4350"]
[Site "http://www.queenalice.com/game.php?id=1782957"]
[Date "2022.2.16"]
[Round "1"]
[White "metalpawn"]
[Black "Wenderson"]
[Result "1-0"]
[WhiteElo "1906"]
[BlackElo "1959"]

1. Nc3 Nf6 2. b3 g6 3. Bb2 Bg7 4. g3 d5 5. e3 e5 6. d4 e4 7. f3 exf3 8. Nxf3 Bg4
9. Bg2 c6 10. Qd2 Bxf3 11. Bxf3 O-O 12. O-O Nbd7 13. Rae1 Qc8 14. Bg2 b6 15. e4
dxe4 16. Nxe4 Re8 17. Nd6 Qa6 18. a4 Rxe1 19. Rxe1 Nd5 20. Re8+ Rxe8 21. Nxe8
N7f6 22. Nxg7 Kxg7 23. c4 Ne7 24. d5 cxd5 25. g4 Kg8 26. Bxf6 dxc4 27. Qd8# 1-0

[Event "AUTO-OPEN-4351"]
[Site "http://www.queenalice.com/game.php?id=1783169"]
[Date "2022.2.21"]
[Round "1"]
[White "EdBrazil"]
[Black "metalpawn"]
[Result "1-0"]
[WhiteElo "1341"]
[BlackElo "1688"]

1. d4 Nf6 2. f3 d5 3. e3 c6 4. Bd3 Nbd7 5. Nc3 e5 6. Bd2 Bd6 7. Bf5 O-O 8. Nh3
exd4 9. exd4 Re8+ 10. Ne2 Nb6 11. b3 Bxf5 12. Ng5 Qe7 13. h4 c5 14. Bc3 Bg3+ 15.
Kf1 Qe3 16. Be1 Bxe1 17. Qxe1 Bxc2 18. Rc1 Bd3 19. Qf2 Bxe2+ 20. Kg1 Qxc1+ 21.
Kh2 Qf4+ 22. g3 1-0

[Event "AUTO-OPEN-4351"]
[Site "http://www.queenalice.com/game.php?id=1783170"]
[Date "2022.2.21"]
[Round "1"]
[White "metalpawn"]
[Black "EdBrazil"]
[Result "1-0"]
[WhiteElo "1947"]
[BlackElo "1519"]

1. Nf3 d6 2. g3 e5 3. d3 c5 4. Bg2 Be6 5. O-O Nc6 6. c3 Nf6 7. Bg5 Be7 8. Nbd2
Ng4 9. Bxe7 Qxe7 10. Re1 Qf6 11. h3 Nh6 12. Ne4 Qe7 13. Nfg5 d5 14. Nxe6 Qxe6
15. Nxc5 Qd7 16. Nxd7 1-0

[Event "AUTO-OPEN-4351"]
[Site "http://www.queenalice.com/game.php?id=1783191"]
[Date "2022.2.21"]
[Round "1"]
[White "Eggchaser"]
[Black "metalpawn"]
[Result "0-1"]
[WhiteElo "1896"]
[BlackElo "1500"]

1. b4 b5 2. Bb2 Bb7 3. Nf3 Nf6 4. g3 d6 5. Bg2 e5 6. d3 Nbd7 7. O-O Be7 8. Nbd2
O-O 9. a4 a6 10. axb5 axb5 0-1

[Event "AUTO-OPEN-4351"]
[Site "http://www.queenalice.com/game.php?id=1783205"]
[Date "2022.2.21"]
[Round "1"]
[White "metalpawn"]
[Black "Akopian"]
[Result "0-1"]
[WhiteElo "1898"]
[BlackElo "2071"]

1. e4 c6 2. d4 d5 3. Nd2 dxe4 4. Nxe4 e5 5. dxe5 Qxd1+ 6. Kxd1 Bf5 7. Bd3 Na6 8.
Bf4 O-O-O 9. Kc1 Nb4 10. Nd6+ Rxd6 11. exd6 Bxd3 12. cxd3 Nxd3+ 0-1

[Event "AUTO-OPEN-4351"]
[Site "http://www.queenalice.com/game.php?id=1783206"]
[Date "2022.2.21"]
[Round "1"]
[White "Akopian"]
[Black "metalpawn"]
[Result "1-0"]
[WhiteElo "2145"]
[BlackElo "1924"]

1. e4 c5 2. c3 d5 3. e5 Nc6 4. d4 cxd4 5. cxd4 Bf5 6. Bd3 Bxd3 7. Qxd3 e6 8. Nf3
Nge7 9. O-O Nf5 10. Nc3 Be7 11. a3 O-O 12. Be3 Nxe3 13. fxe3 h6 14. Rad1 a6 15.
e4 b5 16. exd5 exd5 17. Qf5 g6 18. Qf4 Kg7 19. Ne1 Bg5 20. Qf3 Na5 21. Nxd5 1-0

[Event "AUTO-INT-3742"]
[Site "http://www.queenalice.com/game.php?id=1783592"]
[Date "2022.2.26"]
[Round "1"]
[White "Ruusgugg"]
[Black "metalpawn"]
[Result "1-0"]
[WhiteElo "1426"]
[BlackElo "1772"]

1. b4 b5 2. a4 bxa4 3. Rxa4 Bb7 4. f3 e5 5. d4 Nc6 6. c3 exd4 7. b5 Ne5 8. Rxd4
d6 9. c4 c5 10. Rd2 Nxc4 11. Rd3 Qa5+ 12. Nc3 Be7 13. Qb3 Ne5 14. Re3 Qc7 15. f4
Ng4 16. Rg3 N8f6 17. h3 Nh5 18. Rxg4 Qd8 19. Nd5 Bxd5 20. Qxd5 Nf6 21. Qg5 Qa5+
22. Bd2 Qxd2+ 23. Kf2 Ne4+ 24. Kf3 1-0

[Event "AUTO-INT-3742"]
[Site "http://www.queenalice.com/game.php?id=1783593"]
[Date "2022.2.26"]
[Round "1"]
[White "metalpawn"]
[Black "Ruusgugg"]
[Result "1-0"]
[WhiteElo "1948"]
[BlackElo "1396"]

1. d4 c6 2. c4 b5 3. e4 bxc4 4. Bxc4 Qa5+ 5. Bd2 Qb6 6. Qf3 Qxb2 7. Qxf7+ Kd8 8.
Ba5+ Qb6 9. Qxf8+ Kc7 10. Bxb6+ Kxb6 11. Qxc8 1-0

[Event "AUTO-INT-3742"]
[Site "http://www.queenalice.com/game.php?id=1783614"]
[Date "2022.2.26"]
[Round "1"]
[White "askasl159"]
[Black "metalpawn"]
[Result "1-0"]
[WhiteElo "1544"]
[BlackElo "1736"]

1. e4 d6 2. g3 e5 3. Bg2 Nf6 4. Nc3 c6 5. a3 Be6 6. Nge2 d5 7. exd5 Nxd5 8. O-O
Qd7 9. d4 exd4 10. Nxd5 Bxd5 11. Qxd4 Na6 12. Be3 Bc5 13. Qxg7 O-O-O 14. Rfd1
Qe8 15. Bxc5 1-0

[Event "AUTO-INT-3742"]
[Site "http://www.queenalice.com/game.php?id=1783615"]
[Date "2022.2.26"]
[Round "1"]
[White "metalpawn"]
[Black "askasl159"]
[Result "0-1"]
[WhiteElo "1710"]
[BlackElo "1568"]

1. e4 e5 2. Nf3 d5 3. exd5 Bd6 4. d4 e4 5. Ne5 Nf6 6. c4 c5 7. dxc6 Nxc6 8. Nxc6
bxc6 9. Nc3 O-O 10. Bg5 h6 11. Bh4 Be6 12. Nxe4 Be7 13. Nxf6+ Bxf6 14. Bxf6 Qxf6
0-1